LEADER 01134nam a2200265 i 4500 001 000000252489 003 CaOOAMICUS 005 20170111000000.0 008 170111s1953 it u000 u ita u 013 $a231394 040 $aSeMil$bita 100 1 $aRoschini, Gabriele M. .$0(OLS)http://semarc/name/9852 245 13$aLa Madonna del santissimo sacramento :$brelazioni tra l'eucaristia e la Madonna /$cGabriele M. Roschini. 260 $aRoma :$bAngelo Belardetti,$c1953. 300 $a80 p. ;$c25 cm. 490 0 $aStudi mariani ;$v7. 650 4$aMadonna e Eucaristia.$0(OLS)http://semarc/subject/46751 830 0$aStudi mariani ;$v7.$0(OLS)http://semarc/title/37686 850 $aSeMil 852 $aSeMil$W1$xVenegono$y1$m2L V 142$j234539$B202835$CSeMilBibl$Z2$F217201 $81 900 1 $aRoschini, Gabriele. 961 $aOmaggio: Grampa dott. Cesare 996 $6245$aLa Madonna del santissimo sacramento :$brelazioni tra l'eucaristia e la Madonna$9(OLS)http://semarc/title/409973 996 $6260$aRoma :$bAngelo Belardetti$9(OLS)http://semarc/publisher/32664 LEADER 01018nam a2200253 i 4500 001 000000079656 003 CaOOAMICUS 005 20170403000000.0 008 170403s1952 it u000 u ita u 013 $a51893 040 $aSeMil$bita 100 1 $aSpiazzi, Raimondo,$c.$0(OLS)http://semarc/name/89725 245 12$aL'Eucaristia nella vita cristiana /$cRaimondo Spiazzi. 260 $aAlba (CN) :$bPaoline,$c1952. 300 $a229 p. ;$c 17 cm. 490 0 $aCollana di spiritualitą ;$v12 650 4$aEucaristia.$0(OLS)http://semarc/subject/3487 650 4$aMeditazioni.$0(OLS)http://semarc/subject/1352 830 0$aCollana di spiritualitą ;$v12.$0(OLS)http://semarc/title/6623 850 $aSeMil 852 $aSeMil$W1$xVenegono$y1$m3F V 413$j45314$B45314$CSeMilBibl$Z2$F47252 $81 961 $aRecupero: Seminario di Seveso 996 $6245$aL'Eucaristia nella vita cristiana$9(OLS)http://semarc/title/403542 996 $6260$aAlba (CN) :$bPaoline$9(OLS)http://semarc/publisher/31278